All 50K+ U.S. Counties Without Interstate Highways - Statistics

General Stats
  • This quiz has been taken 10 times
    5 since last reset
  • The average score is 28 of 226
Answer Stats
State County % Correct
FL Clay
75%
GA | PA Fayette
75%
DE Kent
75%
NY | OK | OR Washington
75%
OR Benton
50%
NC | VA Franklin
50%
AL | IL Jackson
50%
OH | WV Jefferson
50%
CA | FL Lake
50%
OH Lawrence
50%
MO | NC Lincoln
50%
ID Madison
50%
AL Marshall
50%
FL Monroe
50%
CA Napa
50%
OR | TX Polk
50%
TX Tom Green
50%
PA Adams
25%
MA Barnstable
25%
SC Beaufort
25%
MN Blue Earth
25%
ID Bonner
25%
CO Boulder
25%
RI Bristol
25%
MI Cass
25%
GA Clarke
25%
OR Columbia
25%
MN Crow Wing
25%
VA Culpeper
25%
NV Douglas
25%
CA El Dorado
25%
NY Fulton
25%
OK Garfield
25%
AZ Gila
25%
WI Grant
25%
ME Hancock
25%
SC Horry
25%
AL Houston
25%
OH Huron
25%
MO Johnson
25%
CO La Plata
25%
NC Lee
25%
CT Litchfield
25%
MS Lowndes
25%
WA Mason
25%
CA Monterey
25%
RI Newport
25%
NV Nye
25%
ME Oxford
25%
KY Pike
25%
VA Pittsylvania
25%
KY Pulaski
25%
FL Putnam
25%
KS Reno
25%
AL Russell
25%
CA San Benito
25%
CA San Luis Obispo
25%
CA Santa Barbara
25%
CA Santa Cruz
25%
OH Scioto
25%
CA Sonoma
25%
DE Sussex
25%
NC | OH Union
25%
CA Ventura
25%
WA Walla Walla
25%
MD Wicomico
25%
NC Wilkes
25%
TX Wise
25%
MD Worcester
25%
CA Yuba
25%
TX Anderson
0%
TX Angelina
0%
PA Armstrong
0%
OH Athens
0%
NJ Atlantic
0%
MI Barry
0%
TX Bastrop
0%
FL Bay
0%
TN | VA Bedford
0%
PA Bradford
0%
TX Brazoria
0%
TX Brazos
0%
CO Broomfield
0%
OK Bryan
0%
TX Burnet
0%
CA Butte
0%
UT Cache
0%
NC Caldwell
0%
WI Calumet
0%
MD Calvert
0%
PA Cambria
0%
VA Campbell
0%
NJ Cape May
0%
NH Carroll
0%
NC Carteret
0%
MN Carver
0%
MD Charles
0%
NC Chatham
0%
NM Chaves
0%
WA Chelan
0%
TX Cherokee
0%
NH Cheshire
0%
WI Chippewa
0%
MO Christian
0%
FL Citrus
0%
WA Clallam
0%
AL Coffee
0%
AL Colbert
0%
MO Cole
0%
OH Columbiana
0%
OR Coos
0%
NC Craven
0%
NJ Cumberland
0%
AL Dale
0%
OH Darke
0%
OR Deschutes
0%
WI Dodge
0%
GA Dougherty
0%
IA Dubuque
0%
NM Eddy
0%
MT Flathead
0%
GA Floyd
0%
GA Forsyth
0%
CO Fremont
0%
AR Garland
0%
OH Geauga
0%
SC Georgetown
0%
TN Gibson
0%
MI Grand Traverse
0%
WA Grays Harbor
0%
TX Grayson
0%
SC Greenwood
0%
GA Habersham
0%
TX Hardin
0%
HI Hawaii
0%
TN Hawkins
0%
TX Henderson
0%
FL Hendry
0%
FL Highlands
0%
NC Hoke
0%
TX Hood
0%
IN Howard
0%
CA Humboldt
0%
LA Iberia
0%
MI Isabella
0%
WA Island
0%
KY Jessamine
0%
HI Kauai
0%
WA Kitsap
0%
OR Klamath
0%
OH Knox
0%
IN Kosciusko
0%
MS Lafayette
0%
LA Lafourche
0%
TX Lamar
0%
SC Lancaster
0%
AL Lauderdale
0%
NM Lea
0%
OK Leflore
0%
MI Lenawee
0%
VA Lynchburg
0%
CA Madera
0%
OH Marion
0%
MI Marquette
0%
HI Maui
0%
TX Maverick
0%
CA Mendocino
0%
MI Midland
0%
MI Montcalm
0%
NC Moore
0%
TX Nacogdoches
0%
KY Nelson
0%
MI Newaygo
0%
MS Oktibbeha
0%
NC Onslow
0%
NM Otero
0%
GA Paulding
0%
SC Pickens
0%
MD Queen Annes
0%
OH Ross
0%
TX Rusk
0%
NC Rutherford
0%
VT Rutland
0%
NM San Juan
0%
OH Seneca
0%
MN Sherburne
0%
NC Stanly
0%
TX Starr
0%
MO St Francois
0%
MI St Joseph
0%
NY St Lawrence
0%
MD St Marys
0%
NH Strafford
0%
CA Sutter
0%
MO Taney
0%
LA Terrebonne
0%
TN Tipton
0%
NY Tompkins
0%
CA Tulare
0%
CA Tuolumne
0%
MI Tuscola
0%
ID Twin Falls
0%
LA Vermilion
0%
TX Victoria
0%
OK Wagoner
0%
GA Walker
0%
ND Ward
0%
NC Watauga
0%
WI Waupaca
0%
NY Wayne
0%
WA Whitman
0%
TX Wilson
0%
TX | WI Wood
0%
OR Yamhill
0%
No matching quizzes found
Score Distribution
Percent of People with Each Score
Percentile by Number Answered
Your Score History
You have not taken this quiz since the last reset